| 000 | 00901nas a2200253Ia 4500 | ||
|---|---|---|---|
| 001 | R007/42188 | ||
| 003 | IT-RoPAU | ||
| 008 | 151124c99999999xx |||||||||||| ||und|| | ||
| 040 | _aIT-RoPAU | ||
| 040 | _cIT-RoPAU | ||
| 041 | _aITALIANO | ||
| 100 |
_aSignorelli Angelo _gCodice Aut. SPICS: 20747 |
||
| 210 | _aCINEFORUM | ||
| 222 | _aCineforum | ||
| 245 |
_aCINEFORUM, ANNO 22-N.214 (MAGGIO 1982) _bClessidra (La) di Wojciech Has |
||
| 250 | _a1a ed. | ||
| 260 |
_aBERGAMO _bFEDERAZIONE ITALIANA CINEFORUM _c1982 |
||
| 501 |
_bPaulus - SPICS - Società San Paolo EM (non-commercial uses only) _cCopyright2015 |
||
| 300 | _a8 p. [51-58] | ||
| 362 | _aANNO 022, N.214 (MAGGIO 1982) | ||
| 500 | _aScheda e Analisi del Film. Soggetto del Film. Dall'Opera Letteraria al Film. Note Sul Regista e Lo Scrittore. Repubblica dei Sogni. | ||
| 650 |
_aCINEMA _vPUBBLICAZIONE PERIODICA |
||
| 942 | _cCR | ||
| 999 |
_c146148 _d146148 |
||